Quan điểm tổng thể trong việc phòng ngừa và đấu tranh chống các tệ nạn xã hội, các vi phạm và tội phạm /

সংরক্ষণ করুন:
গ্রন্থ-পঞ্জীর বিবরন
প্রধান লেখক: Đào Trí Úc.
বিন্যাস: প্রবন্ধ
ভাষা:Vietnamese
বিষয়গুলি:
ট্যাগগুলো: ট্যাগ যুক্ত করুন
কোনো ট্যাগ নেই, প্রথমজন হিসাবে ট্যাগ করুন!
Thư viện lưu trữ: Thư viện Trường Đại học Đà Lạt
LEADER 00791nam a2200253 4500
001 DLU090090437
005 ##20090220
040 # # |a DLU  |b vie 
041 # # |a vie 
044 # # |a vn 
100 # # |a Đào Trí Úc. 
245 # # |a Quan điểm tổng thể trong việc phòng ngừa và đấu tranh chống các tệ nạn xã hội, các vi phạm và tội phạm /  |c Đào Trí Úc. 
653 # # |a đấu tranh 
653 # # |a tệ nạn 
773 # # |t Nhà nước và pháp luật  |g Số 2(118), 1998, tr.3-12 
920 # # |a Phòng Tạp chí -- Trung tâm Thông tin - Thư viện Trường Đại học Đà Lạt 
994 # # |a DLU 
900 # # |a True 
911 # # |a Nguyễn Thị Mai Anh 
925 # # |a G 
926 # # |a A 
927 # # |a BB 
980 # # |a Thư viện Trường Đại học Đà Lạt